[Event "Wch U20 Girls 30th"]
[Site "Athens"]
[Date "2012.08.08"]
[Round "7"]
[White "Terzidaki, Alexandra"]
[Black "Lefevre, Margaux"]
[Result "0-1"]
[WhiteElo "1958"]
[BlackElo "2043"]
[PlyCount "76"]
[EventDate "2012.08.02"]
[EventType "swiss"]
[EventRounds "13"]
[EventCountry "GRE"]
[SourceTitle "CBM 149 Extra"]
[Source "ChessBase"]
[SourceDate "2012.08.24"]
[SourceVersion "1"]
[SourceVersionDate "2012.08.24"]
[SourceQuality "1"]

1. e4 c5 2. Nf3 d6 3. d4 cxd4 4. Nxd4 Nf6 5. Nc3 Nc6 6. Bg5 e6 7. Qd2 a6 8. 0-0-0 Bd7 9. f4 h6 10. Bxf6 Qxf6 11. Nxc6 Bxc6 12. Bc4 b5 13. Bb3 0-0-0 14. Kb1 Rd7 15. f5 Rb7 16. Qe2 g5 17. fxe6 fxe6 18. Qg4 Bd7 19. e5 Qxe5 20. Rhe1 Qf5 21. Qd4 Rg8 22. g4 Qg6 23. Rd3 d5 24. Rf1 Be7 25. Rdf3 Qg7 26. Qe3 Rf8 27. Ne2 Rxf3 28. Rxf3 a5 29. a3 a4 30. Ba2 b4 31. axb4 Bxb4 32. Nd4 Bc5 33. c3 a3 34. b4 Bxd4 35. cxd4 Rxb4+ 36. Kc2 Qxd4 37. Qxa3 Ba4+ 38. Kc1 Qd1# 0-1

[Event "Wch U20 Girls 30th"]
[Site "Athens"]
[Date "2012.08.05"]
[Round "4"]
[White "Dominguez, Gisella"]
[Black "Lefevre, Margaux"]
[Result "1/2-1/2"]
[WhiteElo "1831"]
[BlackElo "2043"]
[PlyCount "123"]
[EventDate "2012.08.02"]
[EventType "swiss"]
[EventRounds "13"]
[EventCountry "GRE"]
[SourceTitle "CBM 149 Extra"]
[Source "ChessBase"]
[SourceDate "2012.08.24"]
[SourceVersion "1"]
[SourceVersionDate "2012.08.24"]
[SourceQuality "1"]

1. e4 c5 2. Nc3 d6 3. f4 g6 4. Nf3 Bg7 5. Bc4 Nc6 6. 0-0 Nf6 7. a4 0-0 8. d3 a6 9. Qe1 Nd4 10. Nxd4 cxd4 11. Nd5 Nxd5 12. Bxd5 e6 13. Bb3 b6 14. Bd2 Ra7 15. e5 Re8 16. Qg3 f6 17. exf6 Qxf6 18. f5 gxf5 19. Qxd6 Bf8 20. Qxb6 Rg7 21. Bf4 Bb7 22. Rf2 Qg6 23. g3 Rd7 24. Be5 Bg7 25. Re1 Bc8 26. Bxg7 Rxg7 27. Qxd4 h5 28. Qf4 Kh7 29. Rfe2 Qf7 30. Re5 Rg4 31. Qf2 f4 32. R1e4 Qg7 33. Rxh5+ Kg6 34. Rh4 Rxh4 35. gxh4 Kf5+ 36. Kf1 e5 37. Qg1 Qh6 38. Qg5+ Qxg5 39. hxg5 Kxg5 40. d4 Kg4 41. Rxe5 Rh8 42. Kg1 Rh6 43. c4 f3 44. Re8 Bf5 45. Rg8+ Kf4 46. d5 Rb6 47. Bd1 Rxb2 48. Rg3 Be4 49. Bxf3 Bxf3 50. d6 Rd2 51. c5 Bc6 52. Rb3 Bxa4 53. Rb6 Kf3 54. h4 Kg3 55. Kf1 Rc2 56. Ke1 a5 57. h5 Rxc5 58. h6 Rh5 59. Ra6 Bd7 60. Ra8 Re5+ 61. Kd2 Rd5+ 62. Kc3 1/2-1/2

[Event "FRA-ch op-A"]
[Site "Belfort"]
[Date "2010.08.10"]
[Round "1"]
[White "Boutteville, Cesar"]
[Black "Lefevre, Margaux"]
[Result "1-0"]
[WhiteElo "2131"]
[BlackElo "2017"]
[PlyCount "61"]
[EventDate "2010.08.09"]
[EventType "swiss"]
[EventRounds "11"]
[EventCountry "FRA"]
[SourceTitle "CBM 138 Extra"]
[Source "ChessBase"]
[SourceDate "2010.10.29"]
[SourceVersion "1"]
[SourceVersionDate "2010.10.29"]
[SourceQuality "1"]

1. d4 Nf6 2. c4 c5 3. d5 b5 4. cxb5 a6 5. b6 Qxb6 6. Nc3 g6 7. e4 d6 8. Nf3 Bg7 9. Be2 Nbd7 10. 0-0 0-0 11. Nd2 Qb8 12. Nc4 a5 13. Bf4 Ne8 14. Qd2 Nb6 15. Na3 Bd7 16. Nab5 a4 17. Bg5 Nc8 18. Bh6 Nc7 19. Bxg7 Kxg7 20. Nxc7 Qxc7 21. f4 e6 22. dxe6 fxe6 23. f5 exf5 24. exf5 Bxf5 25. g4 Be6 26. Rxf8 Kxf8 27. Rf1+ Kg8 28. Nd5 Qg7 29. Nf6+ Kh8 30. Qe3 Bf7 31. Ne8 1-0

[Event "FRA-chT Top 16 GpA"]
[Site "France"]
[Date "2010.03.26"]
[Round "1"]
[White "Steil Antoni, Fiona"]
[Black "Lefevre, Margaux"]
[Result "1-0"]
[WhiteElo "2151"]
[BlackElo "2036"]
[PlyCount "69"]
[EventDate "2010.03.26"]
[EventType "team-tourn"]
[EventRounds "7"]
[EventCountry "FRA"]
[SourceTitle "CBM 135 Extra"]
[Source "ChessBase"]
[SourceDate "2010.05.04"]
[SourceVersion "1"]
[SourceVersionDate "2010.05.04"]
[SourceQuality "1"]

1. e4 c5 2. c3 Nf6 3. e5 Nd5 4. d4 cxd4 5. cxd4 Nc6 6. Nc3 Nxc3 7. bxc3 d6 8. f4 e6 9. Nf3 dxe5 10. fxe5 Qc7 11. Bd3 Bd7 12. 0-0 0-0-0 13. Ng5 Be8 14. Qf3 Rd7 15. Nxh7 Be7 16. Ng5 Bxg5 17. Bxg5 f6 18. Bf4 fxe5 19. Bg3 Qd8 20. Be4 Bh5 21. Qd3 Rc7 22. Bxc6 Rxc6 23. Bxe5 Qe7 24. Qh3 Rh7 25. Rf4 Bg6 26. Qf3 Rh8 27. Rf1 Be8 28. Qg3 Rg8 29. Qd3 Rh8 30. c4 Ra6 31. R1f2 Ra3 32. Qb1 Bc6 33. Rf7 Qh4 34. Rc7+ Kd8 35. Rxc6 1-0

[Event "Breizh Masters (Women)"]
[Site "Guingamp"]
[Date "2010.02.24"]
[Round "6"]
[White "Piankov, Evgenij"]
[Black "Lefevre, Margaux"]
[Result "1-0"]
[WhiteElo "2343"]
[BlackElo "2036"]
[PlyCount "69"]
[EventDate "2010.02.19"]
[EventType "swiss"]
[EventRounds "9"]
[EventCountry "FRA"]
[SourceTitle "CBM 135 Extra"]
[Source "ChessBase"]
[SourceDate "2010.05.04"]
[SourceVersion "1"]
[SourceVersionDate "2010.05.04"]
[SourceQuality "1"]

1. d4 Nf6 2. Nf3 c5 3. c3 g6 4. Bg5 Bg7 5. Nbd2 d5 6. e3 b6 7. Be2 0-0 8. Ne5 Bb7 9. 0-0 Nbd7 10. f4 cxd4 11. exd4 Ne4 12. Nxe4 dxe4 13. Bc4 Nf6 14. f5 Bd5 15. Qb3 Bxc4 16. Qxc4 Rc8 17. Qb3 Nd5 18. Ng4 f6 19. Bd2 Kh8 20. Ne3 Nxe3 21. Bxe3 gxf5 22. Qe6 Qe8 23. Rxf5 Rc6 24. Qxe4 e6 25. Rff1 f5 26. Qf3 Rg8 27. Bf4 Rc8 28. Rae1 Qg6 29. Re2 Rce8 30. Rfe1 h6 31. Be5 Kh7 32. Bxg7 Rxg7 33. Re5 Rge7 34. d5 Qf7 35. Qe3 1-0

[Event "Breizh Masters (Women)"]
[Site "Guingamp"]
[Date "2010.02.23"]
[Round "5"]
[White "Lefevre, Margaux"]
[Black "Esposito, Marie Christine"]
[Result "1-0"]
[WhiteElo "2036"]
[BlackElo "2113"]
[PlyCount "95"]
[EventDate "2010.02.19"]
[EventType "swiss"]
[EventRounds "9"]
[EventCountry "FRA"]
[SourceTitle "CBM 135 Extra"]
[Source "ChessBase"]
[SourceDate "2010.05.04"]
[SourceVersion "1"]
[SourceVersionDate "2010.05.04"]
[SourceQuality "1"]

1. e4 d6 2. d4 Nf6 3. Nc3 Nbd7 4. f4 e5 5. Nf3 exd4 6. Qxd4 c6 7. Be3 d5 8. exd5 Bc5 9. Qd3 Qe7 10. Nd4 Nb6 11. dxc6 bxc6 12. 0-0-0 Ba6 13. Qd2 Bxf1 14. Bf2 Nc4 15. Qe1 0-0 16. Qxe7 Bxe7 17. Rhxf1 Ng4 18. Nf5 Bf6 19. Bd4 Nxh2 20. Rh1 Ng4 21. Bxf6 Nxf6 22. Ne4 Rfd8 23. Nxf6+ gxf6 24. b3 Na5 25. Rdf1 Nb7 26. Rf3 Nd6 27. Ne7+ Kf8 28. Nxc6 Rdc8 29. Rxh7 Ke8 30. Rh8+ Kd7 31. Rxc8 Rxc8 32. Nd4 Ne4 33. c4 Rg8 34. Re3 Ng3 35. Rd3 Nf1 36. Ne2+ Kc7 37. g3 Re8 38. Nc3 Kc6 39. Kb2 a6 40. b4 f5 41. a4 Rb8 42. Kb3 Rg8 43. b5+ axb5 44. axb5+ Kb6 45. Kb4 Nxg3 46. c5+ Kc7 47. b6+ Kb8 48. c6 1-0

[Event "Breizh Masters (Women)"]
[Site "Guingamp"]
[Date "2010.02.19"]
[Round "1"]
[White "Lefevre, Margaux"]
[Black "Fruteau, Sabine"]
[Result "0-1"]
[WhiteElo "2036"]
[BlackElo "2131"]
[PlyCount "84"]
[EventDate "2010.02.19"]
[EventType "swiss"]
[EventRounds "9"]
[EventCountry "FRA"]
[SourceTitle "CBM 135 Extra"]
[Source "ChessBase"]
[SourceDate "2010.05.04"]
[SourceVersion "1"]
[SourceVersionDate "2010.05.04"]
[SourceQuality "1"]

1. e4 e5 2. Nf3 Nc6 3. d4 exd4 4. Nxd4 Nf6 5. Nxc6 bxc6 6. e5 Qe7 7. Qe2 Nd5 8. c4 Ba6 9. b3 g6 10. f4 Bg7 11. Qd2 Nxf4 12. Qxf4 Qxe5+ 13. Qxe5+ Bxe5 14. Bd3 Bxa1 15. Be3 0-0 16. 0-0 Rfe8 17. Bf2 d5 18. Na3 Bg7 19. Rd1 Rad8 20. Rb1 dxc4 21. Bxc4 Bxc4 22. Nxc4 Bd4 23. Bxd4 Rxd4 24. Rb2 Re1+ 25. Kf2 Rc1 26. Nd2 c5 27. Ke2 f5 28. Nf3 Rd5 29. Nd2 Kg7 30. Nc4 Rc3 31. Nd2 g5 32. Ne4 f4 33. Nd2 g4 34. Kf2 Re5 35. g3 f3 36. Nc4 Re4 37. Rd2 Re2+ 38. Rxe2 fxe2 39. Na3 Re3 40. Nc2 Re4 41. Ke1 a5 42. Kd2 c4 0-1

[Event "FRA-chT Top 16 Gp Basse"]
[Site "Le Port Marly"]
[Date "2009.05.31"]
[Round "11"]
[White "Lefevre, Margaux"]
[Black "Nicoara, Malina"]
[Result "1/2-1/2"]
[WhiteElo "2021"]
[BlackElo "2167"]
[PlyCount "86"]
[EventDate "2009.05.28"]
[EventType "team-tourn"]
[EventRounds "11"]
[EventCountry "FRA"]
[SourceTitle "CBM 130 Extra"]
[Source "ChessBase"]
[SourceDate "2009.07.02"]
[SourceVersion "2"]
[SourceVersionDate "2009.07.15"]
[SourceQuality "1"]

1. e4 Nf6 2. e5 Nd5 3. d4 d6 4. Nf3 Bg4 5. Be2 c6 6. 0-0 dxe5 7. Nxe5 Bf5 8. a3 Nd7 9. Nf3 e6 10. c4 N5b6 11. Nc3 Be7 12. Bf4 Nf6 13. h3 0-0 14. Bh2 Ne4 15. Rc1 a5 16. Na4 Nxa4 17. Qxa4 Bd6 18. Bxd6 Qxd6 19. c5 Qc7 20. Ne5 Nf6 21. Nc4 Nd7 22. b4 axb4 23. Qxb4 Rfb8 24. Qc3 Be4 25. Ra1 Bd5 26. Nd2 b5 27. cxb6 Nxb6 28. Bd1 Na4 29. Bxa4 Rxa4 30. Rfb1 h6 31. Rb4 Rbxb4 32. axb4 Qa7 33. Rxa4 Qxa4 34. Kh2 Qd1 35. Qe3 Qc2 36. Nf3 Qc4 37. Qd2 f6 38. Qb2 Qf1 39. Qd2 g5 40. Ne1 Qc4 41. Qb2 Kg7 42. Kg1 Kf7 43. Qd2 Kg7 1/2-1/2

[Event "FRA-chT Top 16 GpA"]
[Site "France"]
[Date "2009.05.02"]
[Round "6"]
[White "Delorme, Laurie"]
[Black "Lefevre, Margaux"]
[Result "1/2-1/2"]
[WhiteElo "2177"]
[BlackElo "2021"]
[PlyCount "75"]
[EventDate "2009.03.20"]
[EventType "team"]
[EventRounds "7"]
[EventCountry "FRA"]
[SourceTitle "CBM 129 Extra"]
[Source "ChessBase"]
[SourceDate "2009.05.05"]
[SourceVersion "2"]
[SourceVersionDate "2009.05.20"]
[SourceQuality "1"]

1. d4 Nf6 2. c4 c5 3. d5 b5 4. Nd2 bxc4 5. e4 d6 6. Bxc4 g6 7. b3 Bg7 8. Bb2 0-0 9. Ngf3 Na6 10. 0-0 Nc7 11. Qc2 Nfe8 12. Rad1 Bxb2 13. Qxb2 e6 14. dxe6 fxe6 15. Rfe1 Ng7 16. Qc3 d5 17. exd5 exd5 18. Bf1 Nge6 19. Ne4 Qe7 20. Neg5 Qd6 21. Nxe6 Nxe6 22. Qe5 Qxe5 23. Rxe5 Nf4 24. g3 Bg4 25. gxf4 Bxf3 26. Be2 Bxe2 27. Rxe2 d4 28. Re5 Rac8 29. Rc1 Rxf4 30. Rcxc5 Rcf8 31. Re2 d3 32. Rd2 Rd8 33. Rc3 Rfd4 34. f3 Kf7 35. Kf2 R4d7 36. Ke3 Re7+ 37. Kf2 Red7 38. Ke3 1/2-1/2

[Event "FRA-chT Top 16 GpA"]
[Site "France"]
[Date "2009.03.22"]
[Round "3"]
[White "Milliet, Sophie"]
[Black "Lefevre, Margaux"]
[Result "1-0"]
[WhiteElo "2364"]
[BlackElo "2007"]
[PlyCount "41"]
[EventDate "2009.03.20"]
[EventType "team"]
[EventRounds "7"]
[EventCountry "FRA"]
[SourceTitle "CBM 129 Extra"]
[Source "ChessBase"]
[SourceDate "2009.05.05"]
[SourceVersion "2"]
[SourceVersionDate "2009.05.20"]
[SourceQuality "1"]

1. e4 c5 2. Nf3 Nc6 3. c3 Nf6 4. e5 Nd5 5. d4 cxd4 6. Bc4 Nb6 7. Bb3 d5 8. exd6 Qxd6 9. 0-0 Be6 10. Na3 Bxb3 11. Qxb3 Qd5 12. Nb5 Rc8 13. Nfxd4 Qxb3 14. axb3 a6 15. Nxc6 Rxc6 16. Nd4 Rc8 17. b4 Nd7 18. b5 Ra8 19. bxa6 e5 20. Nb5 Kd8 21. axb7 1-0

[Event "Illes Medes op 3rd"]
[Site "L'Estartit"]
[Date "2008.12.29"]
[Round "4"]
[White "Lefevre, Margaux"]
[Black "Fowler, John"]
[Result "1/2-1/2"]
[WhiteElo "1970"]
[BlackElo "2061"]
[PlyCount "24"]
[EventDate "2008.12.27"]
[EventType "swiss"]
[EventRounds "9"]
[EventCountry "ESP"]
[SourceTitle "CBM 128 Extra"]
[Source "ChessBase"]
[SourceDate "2009.03.05"]
[SourceVersion "2"]
[SourceVersionDate "2009.03.25"]
[SourceQuality "1"]

1. e4 e6 2. d4 d5 3. Nc3 Nf6 4. Bg5 Be7 5. e5 Ne4 6. Be3 Nxc3 7. bxc3 c5 8. Qg4 Kf8 9. h4 cxd4 10. Bxd4 Nc6 11. Rh3 Nxd4 12. cxd4 Bd7 1/2-1/2

[Event "Cap d'Agde Cavalier op"]
[Site "Cap d'Agde"]
[Date "2008.10.27"]
[Round "4"]
[White "Lefevre, Margaux"]
[Black "Mora, Pascal"]
[Result "1-0"]
[WhiteElo "1970"]
[BlackElo "2096"]
[PlyCount "107"]
[EventDate "2008.10.25"]
[EventType "swiss"]
[EventRounds "9"]
[EventCountry "FRA"]
[SourceTitle "EXT 2010"]
[Source "ChessBase"]
[SourceDate "2010.11.25"]
[SourceVersion "1"]
[SourceVersionDate "2010.11.25"]
[SourceQuality "1"]

1. e4 c5 2. Nf3 e6 3. d4 cxd4 4. Nxd4 Nf6 5. Nc3 Nc6 6. Ndb5 Bb4 7. Nd6+ Ke7 8. Nxc8+ Rxc8 9. Bd3 d5 10. exd5 Nxd5 11. 0-0 Nxc3 12. bxc3 Bxc3 13. Rb1 Qc7 14. Ba3+ Ke8 15. Bb5 Rd8 16. Qf3 Bf6 17. Ba4 Kd7 18. Bc5 Kc8 19. Bxc6 Qxc6 20. Qxc6+ bxc6 21. Bxa7 Bd4 22. Bb6 Bxb6 23. Rxb6 Kc7 24. Rfb1 Rd1+ 25. Rxd1 Kxb6 26. Rd7 Ra8 27. Rxf7 Rxa2 28. Kf1 Ra7 29. Rxa7 Kxa7 30. Ke2 Kb6 31. Kd3 Kc5 32. f4 Kb4 33. Kd4 c5+ 34. Kd3 Kb5 35. Kc3 h6 36. h3 h5 37. g3 g6 38. g4 h4 39. g5 c4 40. Kd4 Kb4 41. Ke5 Kc3 42. Kxe6 Kxc2 43. f5 c3 44. fxg6 Kd2 45. g7 c2 46. g8Q c1Q 47. Qd8+ Ke2 48. Qe7 Kf3 49. g6 Qc4+ 50. Kd7 Qb5+ 51. Kc7 Qa5+ 52. Kb8 Kg2 53. g7 Qa2 54. Qg5+ 1-0

[Event "Saint Affrique op 16th"]
[Site "Saint Affrique"]
[Date "2008.07.20"]
[Round "2"]
[White "Benmesbah, Natacha"]
[Black "Lefevre, Margaux"]
[Result "0-1"]
[WhiteElo "2210"]
[BlackElo "1968"]
[PlyCount "102"]
[EventDate "2008.07.19"]
[EventType "swiss"]
[EventRounds "9"]
[EventCountry "FRA"]
[SourceTitle "CBM 125 Extra"]
[Source "ChessBase"]
[SourceDate "2008.09.01"]
[SourceVersion "1"]
[SourceVersionDate "2008.09.01"]
[SourceQuality "1"]

1. e4 c5 2. Nf3 Nc6 3. Bb5 e6 4. 0-0 Nge7 5. Re1 e5 6. c3 a6 7. Ba4 b5 8. Bb3 c4 9. Bc2 g6 10. b3 cxb3 11. Bxb3 Bg7 12. d3 0-0 13. Ng5 h6 14. Nf3 d5 15. exd5 Nxd5 16. Ba3 Re8 17. d4 Nb6 18. d5 Na5 19. d6 Nxb3 20. axb3 Bb7 21. Ra2 Rc8 22. Rd2 Nd7 23. Qe2 Qb6 24. c4 b4 25. Bb2 Bxf3 26. Qxf3 e4 27. Qh3 Rcd8 28. Bxg7 Kxg7 29. Qe3 Qxe3 30. Rxe3 Re6 31. Rde2 Nc5 32. f3 Rdxd6 33. fxe4 Rd1+ 34. Re1 Rxe1+ 35. Rxe1 Rxe4 36. Rxe4 Nxe4 37. Kf1 Kf6 38. Ke2 Ke5 39. Kd3 a5 40. Ke3 f5 41. c5 Nxc5 42. Nd2 Kd5 43. g3 a4 44. bxa4 Nxa4 45. Kf4 Nc5 46. h4 Kd4 47. Nf3+ Kc3 48. Ke3 Ne4 49. g4 b3 50. Nd4 b2 51. Nb5+ Kb4 0-1

[Event "Moscow Dvorkovich Cup U16 3rd"]
[Site "Moscow"]
[Date "2008.07.??"]
[Round "6"]
[White "Bluebaum, Johanna"]
[Black "Lefevre, Margaux"]
[Result "1-0"]
[WhiteElo "1905"]
[BlackElo "1968"]
[PlyCount "77"]
[EventDate "2008.07.??"]
[EventType "team-tourn"]
[EventRounds "12"]
[EventCountry "RUS"]
[SourceTitle "CBM 125 Extra"]
[Source "ChessBase"]
[SourceDate "2008.09.01"]
[SourceVersion "1"]
[SourceVersionDate "2008.09.01"]
[SourceQuality "1"]

1. d4 Nf6 2. c4 c5 3. d5 b5 4. cxb5 a6 5. b6 Qxb6 6. Nc3 g6 7. e4 d6 8. Be2 Bg7 9. Nf3 0-0 10. Nd2 Nbd7 11. Nc4 Qc7 12. a4 Nb6 13. Ne3 Ne8 14. a5 Nd7 15. 0-0 Qb7 16. Nc4 Nc7 17. Na4 Rb8 18. Nab6 Nb5 19. Kh1 Nxb6 20. Nxb6 Nd4 21. Qd3 Nxe2 22. Qxe2 e6 23. Bf4 Rd8 24. Rfd1 Bd4 25. Rab1 exd5 26. Nxd5 f5 27. Bg5 Re8 28. Rxd4 cxd4 29. Nf6+ Kf7 30. Nxe8 Kxe8 31. exf5+ Kf7 32. fxg6+ hxg6 33. Qc4+ d5 34. Qxd4 Bf5 35. Re1 Qxb2 36. Qxd5+ Kg7 37. Bf4 Re8 38. Be5+ Kh7 39. Qf7+ 1-0

[Event "Moscow Dvorkovich Cup U16 3rd"]
[Site "Moscow"]
[Date "2008.07.??"]
[Round "11"]
[White "Kulon, Klaudia"]
[Black "Lefevre, Margaux"]
[Result "1-0"]
[WhiteElo "2217"]
[BlackElo "1968"]
[PlyCount "81"]
[EventDate "2008.07.??"]
[EventType "team-tourn"]
[EventRounds "12"]
[EventCountry "RUS"]
[SourceTitle "CBM 125 Extra"]
[Source "ChessBase"]
[SourceDate "2008.09.01"]
[SourceVersion "1"]
[SourceVersionDate "2008.09.01"]
[SourceQuality "1"]

1. e4 c5 2. Nf3 Nc6 3. d4 cxd4 4. Nxd4 Nf6 5. Nc3 d6 6. Bg5 e6 7. Qd2 a6 8. 0-0-0 Nxd4 9. Qxd4 Be7 10. f4 0-0 11. Be2 b5 12. Bf3 Bb7 13. Qe3 Ne8 14. e5 d5 15. h4 Rc8 16. Kb1 Qc7 17. Bxe7 Qxe7 18. Ne2 Qc5 19. Nd4 a5 20. Be2 b4 21. g4 a4 22. Rh3 Nc7 23. f5 Ba6 24. Bxa6 Nxa6 25. f6 Rfd8 26. h5 Rd7 27. Rc1 Rdc7 28. Qg5 Qf8 29. Nb5 Nc5 30. Nxc7 Rxc7 31. Qxg7+ Qxg7 32. fxg7 Kxg7 33. a3 bxa3 34. Rxa3 Rb7 35. Rf1 h6 36. Rf4 Ne4 37. Kc1 Nc5 38. Rd4 Ra7 39. b3 Nd7 40. Rdxa4 Rb7 41. Ra7 1-0

[Event "Lodi op"]
[Site "Lodi"]
[Date "2008.06.15"]
[Round "5"]
[White "Bertani, Gianfranco"]
[Black "Lefevre, Margaux"]
[Result "1-0"]
[WhiteElo "2133"]
[BlackElo "1968"]
[PlyCount "85"]
[EventDate "2008.06.13"]
[EventType "swiss"]
[EventRounds "5"]
[EventCountry "ITA"]
[SourceTitle "CBM 124 Extra"]
[Source "ChessBase"]
[SourceDate "2008.07.03"]
[SourceVersion "1"]
[SourceVersionDate "2008.07.03"]
[SourceQuality "1"]

1. Nf3 Nf6 2. b3 g6 3. Bb2 Bg7 4. d4 0-0 5. Nbd2 d5 6. e3 Bf5 7. Be2 Nc6 8. Nh4 Bd7 9. 0-0 Ne4 10. Nhf3 Nxd2 11. Qxd2 Bf5 12. c4 Be4 13. Ng5 e6 14. Nxe4 dxe4 15. Ba3 Re8 16. Rfd1 Ne7 17. Rac1 c6 18. Qc2 f5 19. Bb2 Qc7 20. d5 cxd5 21. Bxg7 Kxg7 22. Qb2+ e5 23. cxd5 Qd6 24. f4 exf3 25. gxf3 Kg8 26. Kh1 e4 27. f4 Red8 28. Qd4 a6 29. a4 Rab8 30. a5 Kf7 31. b4 b5 32. axb6 Rxb6 33. Rc5 Qf6 34. Qe5 Rbd6 35. Bc4 g5 36. Rc7 h6 37. Ra7 Kf8 38. Rd4 gxf4 39. exf4 Qxe5 40. fxe5 Rg6 41. d6 Nc6 42. Rf7+ Kg8 43. Rc7+ 1-0